000 01401namaa2200325 i 4500
003 EG-GICUC
005 20260514125324.0
008 260504s1998 ua ||||jr|||| 00| 0 ara d
040 _aEG-GiCUC
_bara
_cEG-GiCUC
_dEG-GiCUC
_erda
082 0 4 _221
_a251.4
_bA5175
092 0 4 _221
_a251.4
_bA5175
099 _a251.4 A5175
100 1 _aأمير، جابر ادريس على
_eمؤلف.
245 1 0 _aمنهج السلف والمتكلمين في موافقة العقل للنقل وأثر المنهجين فى العقيدة /
_cتأليف جابر ادريس على أمير
250 _aالطبعة الاولى
264 _aالرياض (السعودية) :
_bمكتبة اضواء السلف،
_c1998
300 _a3 مجلدات ؛
_b.
_c24 سم
336 _2rdacontent
_atext
337 _2rdamedia
_aUnmediated
338 _2rdacarrier
_avolume
490 0 _aسلسلة الرسائل العلمية من الجامعة الإسلامية بالمدينة المنورة ؛
_v7
504 _aيشتمل على ارجاعات ببليوجرافية وفهارس.
541 _aد. / جابر عصفور ؛
_bالقاهرة ؛
_cإهداء ؛
_d2024.
650 1 7 _aالتقليد (فقه اسلامى)
_2qrmak
650 1 7 _aالفلسفة الاسلامية
_2qrmak
650 1 7 _aالاسلام
_xمذاهب
_2qrmak
651 1 _2qrmak
905 _aAmira
942 _2ddc
_cBK
_e21
_n0
999 _c179959
_d179959